| 000 | 00588nam a2200193Ia 4500 | ||
|---|---|---|---|
| 005 | 20260120124603.0 | ||
| 008 | 008 260114s9999 xx 000 0 eng d | ||
| 020 | _a9780857240859 | ||
| 037 | _aEBOOK | ||
| 040 |
_aCRL _beng _cCRL |
||
| 041 |
_aeng _2eng |
||
| 084 | _qCRL | ||
| 245 | 4 | _aThe Past, Present and Future of International Business & Management | |
| 260 |
_bEmerald Publishing _c2010 |
||
| 700 |
_aTimothy M. Devinney _9908088 |
||
| 856 | _uhttps://www.emerald.com/insight/publication/doi/10.1108/S1571-5027(2010)23 | ||
| 942 | _cEBOOK | ||
| 999 |
_c1499977 _d1499977 |
||